Paul Mescal Movie Quiz - Statistics

General Stats
  • This quiz has been taken 29 times
    7 since last reset
  • The average score is 5 of 10
Answer Stats
Hint Answer % Correct
Struggling father takes his daughter on a budget vacation to Turkey Aftersun
100%
Living in an empty apartment building where he begins a relationship with a lonely screenwriter All of us Strangers
80%
Intelligent student in an on and off again relationship battling with it’s secrecy and his depression Normal People
80%
Enslaved by Roman army to fight in colosseum Gladiator II
60%
Living on farmland in a futuristic world where he will be sent to space Foe
40%
Impoverished veteran falling in love as he is hunted down for sport Carmen
20%
Content with a life of drinking and casual hookups unlike his brother Drifting
20%
Estranged son returns home hoping to restart his family’s oyster trapping farm God’s Creatures
20%
Working at a greek resort where he is having an affair with a guest. Lost Daughter
20%
Works with close male friend to record American country men The History of Sound
20%
No matching quizzes found
Score Distribution
Percent of People with Each Score
Percentile by Number Answered
Your Score History
You have not taken this quiz since the last reset